The fall of Louis XVI / (Record no. 15846)
[ view plain ]
| 000 -LEADER | |
|---|---|
| fixed length control field | 00874cam a22002291a 4500 |
| 001 - CONTROL NUMBER | |
| control field | ca 24000715 |
| 003 - CONTROL NUMBER IDENTIFIER | |
| control field | DLC |
| 005 - DATE AND TIME OF LATEST TRANSACTION | |
| control field | 20260227111113.0 |
| 008 - FIXED-LENGTH DATA ELEMENTS--GENERAL INFORMATION | |
| fixed length control field | 840224s1924 ksu 000 0deng |
| 010 ## - LIBRARY OF CONGRESS CONTROL NUMBER | |
| LC control number | ca 24000715 |
| 040 ## - CATALOGING SOURCE | |
| Original cataloging agency | DLC |
| Transcribing agency | DLC |
| Modifying agency | DLC |
| 050 00 - LIBRARY OF CONGRESS CALL NUMBER | |
| Classification number | DC137 |
| Item number | .G6 |
| 051 ## - LIBRARY OF CONGRESS COPY, ISSUE, OFFPRINT STATEMENT | |
| Classification number | AC1 |
| Item number | .L8 no. 515 |
| Copy information | Has author's inscription on p. [2] of cover: "With warm regards, L.R. Gottschalk." Verso of t.p.: "Gift, Amer. Hist. Review, Ap. 7, '24." |
| 100 1# - MAIN ENTRY--PERSONAL NAME | |
| Personal name | Gottschalk, Louis Reichenthal, |
| Dates associated with a name | 1899-1975. |
| 245 14 - TITLE STATEMENT | |
| Title | The fall of Louis XVI / |
| Statement of responsibility, etc. | Louis R. Gottschalk. |
| 260 ## - PUBLICATION, DISTRIBUTION, ETC. | |
| Place of publication, distribution, etc. | Girard, Kan. : |
| Name of publisher, distributor, etc. | Haldeman-Julius Co., |
| Date of publication, distribution, etc. | c1924. |
| 300 ## - PHYSICAL DESCRIPTION | |
| Extent | 64 p. ; |
| Dimensions | 13 cm. |
| 440 #0 - SERIES STATEMENT/ADDED ENTRY--TITLE | |
| Title | Little blue book ; |
| Volume/sequential designation | no. 515 |
| 500 ## - GENERAL NOTE | |
| General note | Has publisher's advertisements on p. [4] of cover. |
| 600 00 - SUBJECT ADDED ENTRY--PERSONAL NAME | |
| Personal name | Louis |
| Numeration | XVI, |
| Titles and other words associated with a name | King of France, |
| Dates associated with a name | 1754-1793. |
| 651 #0 - SUBJECT ADDED ENTRY--GEOGRAPHIC NAME | |
| Geographic name | France |
| General subdivision | History |
| Chronological subdivision | Revolution, 1789-1799. |
No items available.